000 00310nam a22001457a 4500
008 231102b ||||| |||| 00| 0 eng d
020 _a9780521309844
041 _aeng
080 _a521
082 _a521BRO
100 _a19
101 _aASTRO
245 _aPIONS TO QUARKS
_cBROWN.M.L
942 _2udc
_cBK
999 _c60489
_d60489